Η οικογένεια του παιδιού με αυτισμό
Αποθηκεύτηκε σε:
| Κύριοι συγγραφείς: | , |
|---|---|
| Μορφή: | Βιβλίο |
| Γλώσσα: | Greek |
| Δημοσίευση: |
Αθήνα :
Gutenberg,
2013.
|
| Θέματα: | |
| Ετικέτες: |
Προσθήκη ετικέτας
Δεν υπάρχουν, Καταχωρήστε ετικέτα πρώτοι!
|
MARC
| LEADER | 00000nam a2200000 a 4500 | ||
|---|---|---|---|
| 001 | 1/109621 | ||
| 008 | 160119s2013####gr | ||| |||||||gre|| | ||
| 020 | |a 9789600115932 |q (τ.1). | ||
| 020 | |a 9789600115925 |q (set). | ||
| 040 | |a GR-MyUa |b gre |c GR-MyUa |e AACR2 | ||
| 041 | 0 | |a gre | |
| 082 | 7 | |a 616.928982 |2 (23) | |
| 100 | 1 | |a Γενά, Αγγελική. | |
| 245 | 1 | 2 | |a Η οικογένεια του παιδιού με αυτισμό / |c Αγγελική Γενά, Γιώργος Μπαλαμώτης. |
| 260 | |a Αθήνα : |b Gutenberg, |c 2013. | ||
| 300 | |a 2 τ. ; |c 24 εκ. | ||
| 504 | |a Περιλαμβάνει βιβλιογραφικές παραπομπές. | ||
| 505 | 8 | |a Τ.1: Οι γονείς | |
| 650 | 0 | |a Autism in children. | |
| 650 | 0 | |a Autistic children. | |
| 650 | 0 | |a Parents of children with disabilities. | |
| 700 | 1 | |a Μπαλαμώτης, Γιώργος. |e aut | |
| 740 | 3 | |a Οι γονείς. | |
| 852 | |a INST |b RHODES |c EUDOXUS |e 20160119 |h 616.928982 ΓΕΝ |p 005400038197 |q 005400038197 |t EDX |v τομ.1: |y 0 | ||
| 852 | |a INST |b RHODES |c EUDOXUS |e 20160322 |h 616.928982 ΓΕΝ |p 005400038283 |q 005400038283 |t EDX |v τομ.1: |y 0 | ||
| 853 | |a INST |b RHODES |c EUDOXUS |h 616.928982 ΓΕΝ | ||
| 920 | |a Εύδοξος |b Παραγγελία |y Ρόδος-ΤΕΠΑΕΣ |z 2016-01 | ||
| 920 | |a Εύδοξος |b Επιστροφή |y Ρόδος |z 2016-03 | ||
| 970 | |z 18-01-2016 | ||